Catálogo
 En Linea

Informe del perito designado para estimar el valor de los fondos aportados en naturaleza. /. / (Registro nro. 27591)

Detalles MARC
000 -CABECERA
campo de control de longitud fija 00524nam a2200157 a 4500
001 - NÚMERO DE CONTROL
campo de control 000028099
005 - FECHA Y HORA DE LA ÚLTIMA TRANSACCIÓN
campo de control 20200930031340.0
008 - DATOS DE LONGITUD FIJA--INFORMACIÓN GENERAL
campo de control de longitud fija 110406s1927 dr 000 0 spa d
040 ## - FUENTE DE LA CATALOGACIÓN
Centro catalogador/agencia de origen DO-SdBNP
Lengua de catalogación spa
Centro/agencia transcriptor BNPHU
082 ## - NÚMERO DE LA CLASIFICACIÓN DECIMAL DEWEY
Número de clasificación ccc
Número de documento/Ítem A512i
049 ## - FONDOS LOCALES (OCLC)
Fondos de biblioteca BNPD
110 1# - ENTRADA PRINCIPAL--NOMBRE DE ENTIDAD CORPORATIVA
Nombre de entidad corporativa o nombre de jurisdicción como elemento de entrada American continental company
9 (RLIN) 55110
245 10 - MENCIÓN DE TÍTULO
Título Informe del perito designado para estimar el valor de los fondos aportados en naturaleza. /. /
Mención de responsabilidad, etc. American continental company.
260 ## - PUBLICACIÓN, DISTRIBUCIÓN, ETC.
Lugar de publicación, distribución, etc. Santo Domingo, :
Nombre del editor, distribuidor, etc. Nuevo diario,
Fecha de publicación, distribución, etc. 1927.
300 ## - DESCRIPCIÓN FÍSICA
Extensión 4 p. ;
Dimensiones 21 cm.
Existencias
Estado de retiro Estado de pérdida Restricciones de uso No para préstamo Código de colección Localización permanente Ubicación/localización actual Ubicación en estantería Fecha de adquisición Número de inventario Total de préstamos Signatura topográfica completa Código de barras Fecha visto por última vez Número de copia Precio válido a partir de Tipo de ítem Koha
        Raros y valiosos General General En catalogación 10.05.2011 LF1   ccc A512i 28099-30 25.06.2020 e. 3, extraviado 25.06.2020 Préstamo en sala
      Excluido de préstamo Raros y valiosos Patrimonio Dominicano Patrimonio Dominicano En catalogación 06.04.2011 LF1   ccc A512i 28099-10 25.06.2020   25.06.2020 No se presta
      Excluido de préstamo Raros y valiosos Patrimonio Dominicano Patrimonio Dominicano En catalogación 27.04.2011 LF1   ccc A512i 28099-20 25.06.2020 e. 2 25.06.2020 No se presta

Con tecnología Koha